| 000 | 01078nam0a22002891 4500 | ||
|---|---|---|---|
| 001 | rc\4290147 | ||
| 005 | 20260406072230.0 | ||
| 021 |
_aRU _b[58-38383] |
||
| 035 | _a(NLR Aleph) 008252253 | ||
| 090 |
_a8343559 _c8343559 |
||
| 100 | _a20130416d1958 |||y0rusy50 ca | ||
| 101 | 1 |
_arus _cger |
|
| 102 | _aRU | ||
| 105 | _ay z |||a| | ||
| 200 | 1 |
_aДни Коммуны _eПьеса _f[Пер. с нем. А. Дымшица _gПослесл. Е. Эткинда] |
|
| 210 |
_aЛенинград _aМосква _cИскусство _d1958 |
||
| 215 |
_a74 с. _d22 |
||
| 225 | 1 |
_aМассовая библиотека _iЗарубежная классическая драматургия |
|
| 700 | 1 |
_8rus _7ca _aБрехт _bБ. _gБертольт _f1898-1956 _3RU\NLR\auth\7729718 _912746 |
|
| 702 | 1 |
_4730 _aДымшиц _bА. Л. _f1910-1975 _gАлександр Львович _9227242 _3RU\NLR\AUTH\770227298 |
|
| 702 | 1 |
_aЭткинд _bЕ. _4080 |
|
| 801 | 0 |
_aRU _bNLR _gpsbo |
|
| 801 | 1 |
_aRU _bELAR _2rusmarc |
|
| 852 |
_aNLR _j58-6/5771 |
||
| 942 | _cBOOK | ||
| 980 | _aNB | ||